|
|
|
|
| LEADER |
00000nam2a2200000 4500 |
| 001 |
231195 |
| 005 |
20231101231049.0 |
| 035 |
|
|
|a (RuTPU)RU\TPU\book\252211
|
| 090 |
|
|
|a 231195
|
| 100 |
|
|
|a 20130130d1948 k y0rusy50 ca
|
| 101 |
0 |
|
|a rus
|
| 102 |
|
|
|a RU
|
| 105 |
|
|
|a a z 001zy
|
| 200 |
0 |
|
|a Вып. 41 : Экология наземных позвоночных полуострова Ямала
|f Т. Н. Дунаева [и др.]
|
| 210 |
|
|
|d 1948
|
| 215 |
|
|
|a 163 с.
|c ил.
|
| 317 |
|
|
|5 63413507: КР-714
|a Поступила в НТБ в 2004 г. в составе книжного собрания профессора ТПИ К. В. Радугина
|
| 320 |
|
|
|a Библиография в конце статей
|
| 461 |
|
1 |
|0 (RuTPU)RU\TPU\retro\2587
|t Труды Института географии
|f Академия наук СССР, Институт географии
|v Вып. 41 : Экология наземных позвоночных полуострова Ямала
|d 1937-1962
|
| 606 |
1 |
|
|a Позвоночные
|x Эволюция
|2 stltpush
|3 (RuTPU)RU\TPU\subj\49961
|9 68721
|
| 610 |
1 |
|
|a зоология
|
| 610 |
1 |
|
|a наземные позвоночные
|
| 610 |
1 |
|
|a экология
|
| 610 |
1 |
|
|a Ямал
|
| 610 |
1 |
|
|a животный мир
|
| 610 |
1 |
|
|a хищные птицы
|
| 610 |
1 |
|
|a полевки
|
| 610 |
1 |
|
|a тундра
|
| 610 |
1 |
|
|a библиотека К. В. Радугина
|
| 675 |
|
|
|a 592/.599
|v 3
|
| 700 |
|
1 |
|a Дунаева
|b Т. Н.
|
| 701 |
|
1 |
|a Кучерук
|b В. В.
|
| 701 |
|
1 |
|a Осмоловская
|b В. И.
|
| 801 |
|
1 |
|a RU
|b 63413507
|c 20130130
|
| 801 |
|
2 |
|a RU
|b 63413507
|c 20180815
|g RCR
|
| 942 |
|
|
|c BK
|